| 000 | 00365nam a2200121 4500 | ||
|---|---|---|---|
| 008 | 180213b xxu||||| |||| 00| 0 eng d | ||
| 100 |
_926426 _aArado, Jennie P. |
||
| 245 |
_aEradicate poverty thru entrepreneurship/ _cJennie P. Arado. |
||
| 260 |
_aPhilippines: _bSun Star Davao, _cc2017. |
||
| 300 | _apage 8. | ||
| 650 | 0 |
_926427 _aEntrepreneurship. |
|
| 942 |
_2ddc _cPER |
||
| 999 |
_c8602 _d8602 |
||